000 00691nam a2200217Ia 4500
003 GCL
008 140319s9999 xx 000 0 ara d
040 _aGCL /
_cGCL
082 0 4 _a241
_bع و
100 1 _aعبدالغنى بن اسماعيل النابلسى
245 1 0 _aالوجود الحق والخطاب الصدق /
_cعبدالغنى بن اسماعيل النابلسى
700 1 _aبكرى علاء الدين (تحقيق)
300 _a364 ص
490 _a100 قصة
_v0
650 0 4 _aالعقائد
650 0 4 _aالعبادات
650 0 4 _aالتوحيد
650 0 4 _aعلم الكلام
650 0 4 _aالتوحيد(تصوف اسلامى)
942 _2ddc
_cBK
999 _c43456
_d43456